000 01393nam a2200349 i 4500
001 000006818
003 DO-SdBNP
005 20240305130215.0
007 ta
008 090903s1986 ve 001 0 spa d
040 _aDO-SdBNP
_bspa
_cBNPHU
_erda
082 4 _a370.98
_bP949o
_222
100 1 _aPrieto F., Luis B.,
_d1902-1993
_q(Luis Beltrán Prieto Figueroa),
_eautor
_983787
245 1 0 _aObras completas de Luis B. Prieto Figueroa ; coordinador general Efrain Subero ; corrección Andrés Eloy Romero /
_cLuis B. Prieto Figueroa.
260 _aCaracas :
_bImprenta Nacional y Gaceta Oficial,
_c1986.
264 1 _aCaracas, Venezuela :
_bEdiciones de la Presidencia de la República,
_c1986.
300 _avolumenes ;
_c22 cm.
336 _2rdacontent
_atexto
_btxt
337 _2rdamedia
_asin mediación
_bn
338 _2rdacarrier
_avolumen
_bnc
500 _aIncluye índices
500 _aIncluye referencias bibliográficas y notas al pie de las páginas
500 _aLa biblioteca posee v.1 y v.2
504 _aBibliografía : p. 319-321
505 1 _av.1--
_tMaestros de América--
_gv.2--
_tEl maestro como lider.
590 _aInventariado, 2023/BT
650 4 _aEducadores
_zAmérica Latina
_983788
700 1 _aSubero, Efrain,
_99019
_ecoordinador
700 1 _aRomero, Andrés Eloy
_918957
_ecorrección
910 _aBtavárez. Validado, 2023/MFF
942 _2ddc
_cLBS1
999 _c6606
_d6606